00800nam a2200205 i 4500001000700000003000900007005001700016007000300033008004100036100003100077245011500108260003400223300003400257500006200291700003500353700003300388852003200421999001900453952012200472128417ES-MaACL20230906193255.0t|070510s1962 sp ||||1| spa d1 aTaillandier, Yvon.914566310aCreación Miró 1961 / cIvon Taillandier ; fotoscop Gomis-Prat ; selección y secuencia J. Prats Vallés. a[Barcelona] : bR.M., c1962. a25 p. : bil. col. ; c21 cm. aEdición trilingüe en español, inglés y francés.1 aGomis-Prats, Joaquím.9582151 aPrats Vallès, Joan.993709 aES-MaACLjC-52512 bR.85703 c128417d128417 00104070aATENEOMbATENEOMcDEPO2d2008-01-17eSCl0oC-52512p1133746r2023-02-23 00:00:00w2023-02-23yMONOGRAFIA